000 00434cam a22001217a 4500
008 180718b1976 xxu||||| |||| 00| 0 eng d
082 _aA81x54 In2/71/19/Pt2A/Suppl
100 _aCensus of India 1971
245 _aTamil Nadu: general population tables (standard urban areas)
260 _aDelhi
_bThe Controller of Publications
_c1976
300 _a217+p.
440 _aCensus of India 1971. Series-19, Tamil Nadu. Part II-A (Supplement)
999 _c485513
_d485513